000 01165nam0a2200313 4500
001 RU\NLR\ONL2\2890
005 20260406163212.0
035 _a(NLR Aleph) 009650491
090 _a9572695
_c9572695
100 _a20050117d2003 |||y0rusy50 ca
101 0 _abak
102 _aRU
105 _ay |||||||||
200 1 _aХэзрэт Мохэммэд саллалаhу гэлэйhи уэ сэллэм
_fСонгэтулла Бикбулат
210 _aОфо
_cМэрйэм Солтанова исем. мэзрэсэ
_d2003
215 _a291,[1] б.
_d22
541 1 _6z01790
_a[Его величество пророк Мухаммед].
_zrus
606 0 _aИслам
_91049283
_3RU\NLR\auth\6687295
686 1 _aЭ38-34-028.1
700 1 _aБикбулат
_bС.
_gСонгэтулла
_4070
702 0 _4570
_8rus
_7ca
_aМухаммед
_cпророк
_fок.570-632
_3RU\NLR\AUTH\779947
_9119736
790 1 _6z01541
_aБикбулат
_bС.
_gСунгатулла
_4070
801 0 _aRU
_bNLR
_c20050117
_gPSBO
852 _aNLR
_bОНЛ
_jБашк./3-4709
942 _cBOOK
980 _aNB
980 _aONL_RF